00730nam a2200181 a 4500001000500000005001700005008004100022020001800063050001700081100001800098245011000116260004500226300002900271500001000300520020300310650001900513650001600532360020140414132031.0040603s19uu xx 00 eng d a0-394-88772-7 aTRbON1 1996 aHindley, Judy aOnce there was a house /cdevised by Gregg Reyes; written by Judy Hindley; illustrated by Robert Bartelt. aNew York :bWilliam Collins Sons,c1996. a1 v. (unp.) : ill. ; cm. aTR\PS aA small story of children playing imaginatively with cartons and other household materials used as houses, furniture, gas station, and tools is accompanied by the directions for making these things. aPlayxFiction. aHandicraft.